A history of prices, and of the state of the circulation, in 1838 and 1839 (Record no. 114889)

MARC details
000 -LEADER
fixed length control field 00802cam a22001935a 4500
001 - CONTROL NUMBER
control field L157642
008 - FIXED-LENGTH DATA ELEMENTS--GENERAL INFORMATION
fixed length control field 130220s1840 xxk f 000 0 eng d
035 ## - SYSTEM CONTROL NUMBER
System control number (Sirsi) u157642
041 0# - LANGUAGE CODE
Language code of text/sound track or separate title eng
100 1# - MAIN ENTRY--PERSONAL NAME
Personal name Tooke, Thomas
Dates associated with a name 1774-1858
245 02 - TITLE STATEMENT
Title A history of prices, and of the state of the circulation, in 1838 and 1839
Remainder of title with remarks on the corn laws, and on some of the alterations proposed in our banking system
260 ## - PUBLICATION, DISTRIBUTION, ETC.
Place of publication, distribution, etc. London
Name of publisher, distributor, etc. Longman, Orme, Brown, Green and Longmans
Date of publication, distribution, etc. 1840
300 ## - PHYSICAL DESCRIPTION
Extent vii, 298p
Other physical details tables
Dimensions 23cm
520 ## - SUMMARY, ETC.
Summary, etc. "Being a continuation of the history of prices, from 1793 to 1837." - t.p. Includes bibliographical references
583 ## - ACTION NOTE
Action Condition reviewed
Time/date of action 20120620
Status condition level 4
651 #4 - SUBJECT ADDED ENTRY--GEOGRAPHIC NAME
Geographic name Great Britain
Chronological subdivision 1707-
690 ## - LOCAL SUBJECT ADDED ENTRY--TOPICAL TERM (OCLC, RLIN)
Topical term or geographic name as entry element Finance and taxation
942 ## - ADDED ENTRY ELEMENTS (KOHA)
Suppress in OPAC 0
Holdings
Withdrawn status Lost status Damaged status Not for loan Home library Current library Shelving location Date acquired Total Checkouts Full call number Barcode Date last seen Copy number Price effective from Koha item type
        Historic collection Historic collection Historic collection 20/02/2013   PRICE OCTAVO 1840 TOOKE 30078101 06/08/2019 1 06/08/2019 Book